000 00880nam a2200265 i 4500
001 bg
245 0 0 _aRozwój oraz polityka regionalna i lokalna w Polsce /
_cred. nauk. Jan Kaja, Krzysztof Piech.
250 _aWyd. 1 (dodr.).
260 _aWarszawa :
_bSzkoła Główna Handlowa. Oficyna Wydawnicza,
_c2005.
300 _a325 s. :
_bmapy, wykr. ;
_c25 cm.
504 _aBibliogr. przy rozdz.
650 9 _aPolityka regionalna
_zPolska
_yod 2001 r.
650 9 _aGospodarka terenowa
_zPolska
_yod 2001 r.
700 1 _aKaja, Jan.
_eRed.
700 1 _aPiech, Krzysztof.
_eRed.
020 _a8373781471
040 _cBPK
041 0 _apol
044 _aPOL
080 _a332.14
920 _a83-7378-147-1
942 _cKS
008 s pl f |000 0 pol
999 _c55276
_d55276
856 _uhttp://koha.tu.koszalin.pl/cgi-bin/koha/opac-detail.pl?biblionumber=55276
_yKatalog online BPK